|
|
|
|
| LEADER |
01832nam a2200457Ia 4500 |
| 001 |
EBC3407268 |
| 003 |
MiAaPQ |
| 005 |
20200520144314.0 |
| 006 |
m o d | |
| 007 |
cr cn||||||||| |
| 008 |
101019s2010 nyua sb s001 0 eng d |
| 010 |
|
|
|z 2010004832
|
| 020 |
|
|
|z 1438433549 (pbk. : alk. paper)
|
| 020 |
|
|
|z 1438433557 (hardcover : alk. paper)
|
| 020 |
|
|
|z 9781438433547 (pbk. : alk. paper)
|
| 020 |
|
|
|z 9781438433554 (hardcover : alk. paper)
|
| 020 |
|
|
|z 9781438433561
|
| 035 |
|
|
|a (MiAaPQ)EBC3407268
|
| 035 |
|
|
|a (Au-PeEL)EBL3407268
|
| 035 |
|
|
|a (CaPaEBR)ebr10574130
|
| 035 |
|
|
|a (OCoLC)802050041
|
| 040 |
|
|
|a MiAaPQ
|c MiAaPQ
|d MiAaPQ
|
| 050 |
|
4 |
|a HD1537.M27
|b O54 2010
|
| 100 |
1 |
|
|a Ong, Aihwa.
|
| 245 |
1 |
0 |
|a Spirits of resistance and capitalist discipline
|h [electronic resource] :
|b factory women in Malaysia /
|c Aihwa Ong ; introduction by Carla Freeman.
|
| 250 |
|
|
|a 2nd ed.
|
| 260 |
|
|
|a Albany :
|b State University of New York Press,
|c c2010.
|
| 300 |
|
|
|a xxi, 270 p. :
|b ill.
|
| 490 |
1 |
|
|a SUNY series in the anthropology of work
|
| 504 |
|
|
|a Includes bibliographical references and index.
|
| 533 |
|
|
|a Electronic reproduction. Ann Arbor, MI : ProQuest, 2015. Available via World Wide Web. Access may be limited to ProQuest affiliated libraries.
|
| 650 |
|
0 |
|a Peasants
|z Malaysia
|z Selangor.
|
| 650 |
|
0 |
|a Social change
|v Case studies.
|
| 650 |
|
0 |
|a Working class
|z Malaysia
|z Selangor.
|
| 650 |
|
0 |
|a Women electronic industry workers
|z Malaysia
|z Selangor.
|
| 650 |
|
0 |
|a Economic anthropology
|z Malaysia
|z Selangor.
|
| 651 |
|
0 |
|a Selangor
|x Rural conditions.
|
| 655 |
|
4 |
|a Electronic books.
|
| 710 |
2 |
|
|a ProQuest (Firm)
|
| 830 |
|
0 |
|a SUNY series in the anthropology of work.
|
| 856 |
4 |
0 |
|u https://ebookcentral.proquest.com/lib/matrademy/detail.action?docID=3407268
|z Click to View
|